01141nam a2200313Ia 450000500170000000800410001702000180005808200180007610000230009424501990011725000190031630000480033565000250038365000260040865000280043465000230046265000210048565000190050665000200052570000660054570000400061194200120065126400260066333600270068933700330071633800280074904000350077799900150081220220317001224.0160825s2009 ck a g 000 0 spa  a978958046801204a612.825bL43c1 aLlinas R., Rodolfo13aEl cerebro y el mito del yobel papel de las neuronas en el pensamiento y el comportamiento humanoscRodolfo R. Llinás ; traducción Eugenia Guzmán ; prólogo de Gabriel García Márquez a1a. edición  axvi, 348 páginas bilustraciones c23 cm 142LEMBaNeurociencias 142LEMB aMente y cuerpo142LEMB aSistema nervioso142LEMB aAprendizaje142LEMB aEmociones142LEMB aMemoria142LEMB aNeuronas1 aGarcía Márquez, Gabriel, 1928- aGuzmán, Eugenia9678351 aGuzmán, Eugeniaetraductor967836 2ddccBK aBogotábNormac2009 atextobtxt2rdacontent asin mediaciónbn2rdamedia avolumenbnc2rdacarrier aCO-BoRNBPbspaerdacCO-BoRNBP c6297d6297